| 000 | 00582nam a2200193 a 4500 | ||
|---|---|---|---|
| 001 | BRCA_6339 | ||
| 005 | 20190320205423.0 | ||
| 008 | 150811c1901----gw-#######---#000-0#ger-# | ||
| 041 | _ager | ||
| 044 | _agw | ||
| 050 | 4 |
_aPE1128 _b.B47 1901 |
|
| 245 | 1 | 0 |
_aPhraseologie zur Handelscorrespondenz in deutscher, französischer und englischer Sprache _cvon Professor Dr. Buchele. |
| 260 |
_aStuttgart _bJulius Maier _c[1901] |
||
| 300 |
_a266 p. _c20 cm. |
||
| 500 | _aK87 | ||
| 650 | 1 | 4 |
_aCorrespondencia comercial _vdiccionario _xFraseología _915895 |
| 902 | _aGFM | ||
| 942 |
_2lcc _cB |
||
| 999 |
_c6025 _d6025 |
||